Quick Pick 'W' Word: Children's Books Quiz Stats

 Plays Quiz not verified by Sporcle

Challenge
Share
Tweet
Embed
Score 0/10 Timer 01:30
0 Plays Today
% Correct
Witch
99.4%
Web
99.1%
Wild
99.1%
Winnie
99.1%
Wonderful
99.1%
Want
98.5%
Wrinkle
97.6%
Way
97.6%
Whistle
96.7%
Westing
94.9%

You're not logged in!

Compare scores with friends on all Sporcle quizzes.
Join for Free
OR
Log In

You Might Also Like...

Show Comments

Extras

Top Quizzes Today


Score Distribution

Your Account Isn't Verified!

In order to create a playlist on Sporcle, you need to verify the email address you used during registration. Go to your Sporcle Settings to finish the process.

Report this User

Report this user for behavior that violates our Community Guidelines.

Details: